BSOP header

Papal sin : (Record no. 37453)

MARC details
000 -LEADER
fixed length control field 01814cam a2200301 a 4500
001 - CONTROL NUMBER
control field 42810704
003 - CONTROL NUMBER IDENTIFIER
control field OCoLC
005 - DATE AND TIME OF LATEST TRANSACTION
control field 20140520110408.0
008 - FIXED-LENGTH DATA ELEMENTS--GENERAL INFORMATION
fixed length control field 991019s2000 nyu b 001 0 eng
020 ## - INTERNATIONAL STANDARD BOOK NUMBER
International Standard Book Number 0385494106
020 ## - INTERNATIONAL STANDARD BOOK NUMBER
International Standard Book Number 9780385494106
050 00 - LIBRARY OF CONGRESS CALL NUMBER
Classification number BX1765.2
Item number .W54 2000
100 1# - MAIN ENTRY--PERSONAL NAME
Personal name Wills, Garry,
Dates associated with a name 1934-
245 10 - TITLE STATEMENT
Title Papal sin :
Remainder of title structures of deceit /
Statement of responsibility, etc Garry Wills.
250 ## - EDITION STATEMENT
Edition statement 1st ed.
260 ## - PUBLICATION, DISTRIBUTION, ETC. (IMPRINT)
Place of publication, distribution, etc New York :
Name of publisher, distributor, etc Doubleday,
Date of publication, distribution, etc 2000.
300 ## - PHYSICAL DESCRIPTION
Extent viii, 326 p. ;
Dimensions 24 cm.
504 ## - BIBLIOGRAPHY, ETC. NOTE
Bibliography, etc Includes bibliographical references and index.
505 00 - FORMATTED CONTENTS NOTE
Title Remembering the Holocaust --
-- Toward the Holocaust --
-- Usurping the Holocaust --
-- Claims of victimhood --
-- The tragedy of Paul VI : prelude --
-- The tragedy of Paul VI : encyclical --
-- Excluded women --
-- The Pope's eunuchs --
-- Priestly caste --
-- Shrinking the body of Christ --
-- Hydraulics of grace --
-- Conspiracy of silence --
-- A gay priesthood --
-- Marian politics --
-- The gift of life --
-- The age of truth --
-- Acton's reckless truth --
-- Newman's cautious truth --
-- Augustine vs. Jerome --
-- Augustine vs. Consentius --
-- The truth that frees.
520 ## - SUMMARY, ETC.
Summary, etc Chronicles the history of the Catholic Church and its hierarchy from the nineteenth century to the present, focusing on the Church's devious practices and stubborn resistance to the truth.
610 20 - SUBJECT ADDED ENTRY--CORPORATE NAME
Corporate name or jurisdiction name as entry element Catholic Church
Form subdivision Controversial literature.
650 #0 - SUBJECT ADDED ENTRY--TOPICAL TERM
Topical term or geographic name as entry element Papacy.
776 08 - ADDITIONAL PHYSICAL FORM ENTRY
Display text Online version:
Main entry heading Wills, Garry, 1934-
Title Papal sin.
Edition 1st ed.
Place, publisher, and date of publication New York : Doubleday, 2000
856 42 - ELECTRONIC LOCATION AND ACCESS
Materials specified Contributor biographical information
Uniform Resource Identifier http://www.loc.gov/catdir/bios/random059/99054851.html
856 41 - ELECTRONIC LOCATION AND ACCESS
Materials specified Sample text
Uniform Resource Identifier http://www.loc.gov/catdir/samples/random044/99054851.html
856 42 - ELECTRONIC LOCATION AND ACCESS
Materials specified Publisher description
Uniform Resource Identifier http://www.loc.gov/catdir/description/random0411/99054851.html
942 ## - ADDED ENTRY ELEMENTS (KOHA)
Source of classification or shelving scheme Library of Congress Classification
Item type Books
Holdings
Withdrawn status Lost status Source of classification or shelving scheme Damaged status Not for loan Home library Current library Shelving location Date acquired Source of acquisition Cost, normal purchase price Accession number Total Checkouts Full call number Barcode Date last seen Price effective from Koha item type
    Library of Congress Classification     BSOP Library BSOP Library GC 04/30/2014 Chapters & Pages 220.00 36483   BX1765.2 W68 2000 00044083 04/30/2014 04/30/2014 Books
BSOP

Biblical Seminary of the Philippines
  All rights Reserved
  © 2024

CONTACT INFORMATION

Biblical Seminary of the Philippines,
  77-B Karuhatan Road, Valenzuela City,
  PHILIPPINES 1441
  Phone: +632 8292-6795 / 8292-6798
  Fax : +632 8292-6675
  Email: library@bsop.edu.ph